header

How communities build stronger schools (Record no. 138495)

MARC details
000 -LEADER
fixed length control field 01378nam a22003374a 4500
082 04 - DEWEY DECIMAL CLASSIFICATION NUMBER
Classification number 371.19
100 1# - MAIN ENTRY--AUTHOR NAME
Personal name Dodd, Anne W.
245 10 - TITLE STATEMENT
Title How communities build stronger schools
260 ## - PUBLICATION, DISTRIBUTION, ETC. (IMPRINT)
Place of publication New York :
Name of publisher Palgrave,
Year of publication 2002.
300 ## - PHYSICAL DESCRIPTION
Number of Pages xx, 347 p. :
Other physical details ill.
650 #0 - SUBJECT ADDED ENTRY--TOPICAL TERM
Topical Term Community and school
Topical Term Home and school
Topical Term Education
700 1# - ADDED ENTRY--PERSONAL NAME
Personal name Konzal, Jean L.,
856 40 - ELECTRONIC LOCATION AND ACCESS
Uniform Resource Identifier http://site.ebrary.com/lib/rucke/Doc?id=10171485

No items available.

© 2026 Rongo University
Contact us: librarian | system librarian | Rongo university